| 000 | 00925cam a2200277 i 4500 | ||
|---|---|---|---|
| 001 | 42521 | ||
| 003 | Mx-PuUPA | ||
| 005 | 20251201114516.0 | ||
| 008 | 140415s2019 nyu fr 001 0 eng d | ||
| 020 |
_a9780197586860 _qrústica |
||
| 040 |
_cMx-PuUPA _aMx-PuUPA _bspa _dMx-PuUPA _erda |
||
| 041 | 0 | _aeng | |
| 100 | 1 |
_aSinger, Abraham A., _eautor _917745 |
|
| 245 | 1 | 4 |
_aThe form of the firm : _ba normative political theory of the corporation / _cAbraham A. Singer |
| 264 | 1 |
_aNew York, NY : _bOxford University Press, _c©2019 |
|
| 300 |
_axii, 296 páginas ; _c24 cm |
||
| 336 |
_2rdacontent _atexto _btxt |
||
| 337 |
_2rdamedia _asin medio _bn |
||
| 338 |
_2rdacarrier _avolumen _bnc |
||
| 650 | 7 |
_2armarc _913986 _aCorporaciones |
|
| 650 | 7 |
_2armarc _aGobierno corporativo |
|
| 650 | 7 |
_2armarc _aÉtica de los negocios |
|
| 942 |
_2ddc _cLI _h338.7 _iS65 |
||
| 999 |
_c42521 _d42521 |
||